Cruciverba /

সংরক্ষণ করুন:
গ্রন্থ-পঞ্জীর বিবরন
প্রধান লেখক: Ansaldo, Giorgio (লেখক)
বিন্যাস: গ্রন্থ
ভাষা:ইতালিয়
প্রকাশিত: Genova : Liberodiscrivere, 2010
মালা:Il libro si libera ; 102
ট্যাগগুলো: ট্যাগ যুক্ত করুন
কোনো ট্যাগ নেই, প্রথমজন হিসাবে ট্যাগ করুন!

MARC

LEADER 00000nam a22000007i 4500
001 IT\ICCU\LIG\0100451
003 ItRI
005 20260115232140.0
008 110422s2010 it |||||| ||||| |||||c
020 |a 9788873882725 
040 |b ita  |c importazione bologna sebina 
041 7 |a ita  |2 ISO-639-2 
100 1 |a Ansaldo, Giorgio  |0 IT\ICCU\LIGV\015062  |4 aut 
245 1 0 |a Cruciverba /  |c Giorgio Ansaldo. 
260 |a Genova :  |b Liberodiscrivere,  |c 2010 
300 |a 252 p. 16 cm 
830 3 |a Il libro si libera ;  |v 102  |0 IT\ICCU\LIG\0002545 
942 |2 ddc  |c BK  |n 0 
952 |0 0  |1 0  |4 0  |6 DOC_853_920000000000000_ANS  |7 0  |9 20880  |a BO  |b BO  |d 2026-01-15  |i 15163  |l 0  |o DOC 853.92 ANS  |p BO15163  |r 2026-01-15 23:21:40  |w 2026-01-15  |x [Sebina 5] [1 v.]  |y BK  |z 1 v. (con autografo dell'A.) 
999 |c 17837  |d 17837